Quizzes
Events
Quiz Creation
Community
Videos
Private Events
Remove Ads
Sign In
Join for FREE
Feedback
Dark Mode
Quiz Categories
Sports
Geography
Music
Movies
Television
Just For Fun
Miscellaneous
History
Literature
Language
Science
Gaming
Entertainment
Religion
Holiday
For Kids
Quiz Lab
Recent
Popular Today
Quiz Kudos Today
Editor Picks
Curator Picks
Quizzes by...
Day
Popularity
Type
Ratings
Length
Year
Community
Subscriptions
Recent Discussions
Orange Saloon
Badges
Playlists
Quests
Create
Leaderboards
Showdown
Live 5
Trivia Bingo
Activity
Puzzle Library
Sporcle Events
Private Events
Virtual Trivia
Globe League
Become a Host
Pub Owners
SporcleCon
Opinionation
Our Games
Videos
Blog
Mobile Apps
Partnerships
Remove Ads and Go Orange
Feedback
Sports
Athletes
MLB
NBA
NHL
NFL
Soccer
Sports Teams
WWE
NCAA
Football
Premier League
Basketball
Baseball
Hockey
Golf
Tennis
Cricket
Rugby
Auto Racing
Olympics
World Cup
Sports
Athletes
MLB
NBA
NHL
NFL
Soccer
Sports Teams
WWE
NCAA
Football
Premier League
Basketball
Baseball
Hockey
Golf
Tennis
Cricket
Rugby
Auto Racing
Olympics
World Cup
Random Quiz
Search Sporcle
×
Quiz Lab
Quiz Lab
Sports
Athletes
Type in answers that appear in a list
Type in answers that appear in a list
Classic
Best Score? Go Orange.
Athletes with Illegitimate Kids Stats
Can you name the athletes with illegitimate children?
By
Python16
15m
30 Questions
407 Plays
407 Plays
407 Plays
Comments
Comments
Give Quiz Kudos
Give Quiz Kudos
-
- Ratings
hide this ad
More Info
Replay
Link that replays current quiz
Next Quiz
Link to next quiz in quiz playlist
You Got
0%
They Got
Avg Score
13%
Avg Friend Score
Upgrade to see
Score Distribution
Jump to the score distribution portion of the page
Score
0/30
Timer
15:00
0
Plays Today
Sport
Player
% Correct
Basketball
Shawn Kemp
57%
Football
Chad Ochocinco
46.4%
Football
Travis Henry
43.7%
Boxing
Evander Holyfield
26.5%
Basketball
Karl Malone
23.3%
Football
Ricky Williams
19.4%
Basketball
Calvin Murphy
18.2%
Football
Ray Lewis
17.9%
Football
Tom Brady
17.9%
Football
Derrick Thomas
16.2%
Basketball
Isiah Thomas
15.5%
Basketball
Larry Bird
13.3%
Basketball
Dwight Howard
10.3%
Basketball
Julius Erving
10.3%
Football
Priest Holmes
7.6%
Sport
Player
% Correct
Basketball
Willie Anderson
7.1%
Football
Santonio Holmes
7.1%
Football
Marshall Faulk
6.1%
Boxing
Oscar De La Hoya
5.7%
Basketball (Head Coach also)
Scott Skiles
5.4%
Baseball
Pete Rose
5.2%
Football
Matt Leinart
4.9%
Basketball
Jason Caffey
3.9%
Football
Willis McGahee
3.9%
Football
Charles Rogers
3.4%
Basketball
Tracy McGrady
3.4%
Football
Marvin Harrison
3.2%
Baseball
Gary Sheffield
2.2%
Baseball
Vladimir Guerrero
1.7%
Football
Shannon Sharpe
1.7%
Quiz Playlist
Details
Report
Send in Message
Add To Playlist
More Info:
All professional athletes. Lots of them you wouldn't expect!
Classic:
Type in answers that appear in a list
Quiz Source
Last Updated: Feb 16, 2017
Quiz Scoreboard
CHALLENGE
Sign Up to Join the Scoreboard
Show All
Scores
Hide
Comments
May contain spoilers
Recently Published
NBA Finals Game Top Scorers (2010s)
by flibbidy
Sports
5m
Guess the 'R' Things in 3 Words
by MSUKent
Miscellaneous
3m
Actor to Badly Drawn Movie III
by MoMosMoProblems
Movies
5m
More to Explore
Quiz From the Vault
Featured Blog Post
Where Does Lost Luggage Go?
hide this ad
You Might Also Like...
Tags
Athletes Quiz
Children
illegitimate
kid
Player
Today's Top Quizzes in Sports
Browse Sports
hide this ad
Today's Top Quizzes in Athletes
Browse Athletes
Top Contributed Quizzes in Sports
1
Les joueurs à 100 buts en Ligue 1 Uber Eats
2
2022 World Cup Stars
3
2024 March Madness Bracket
4
Millionaire: NBA Finals Edition
5
Players with Multiple 50 Home Run Seasons
6
Nickname Match: Athletes VI
7
Criteria MLB: Left Handed Sluggers
8
Iconic Moments in Football - Multiple Choice
9
NFL MVPs ordered
10
First NBA MVP by Team
Explore More
Trending Topics
Harry Potter
Anime
Kpop
NBA
Disney
Marvel
Crossword
Pokémon
WWE
NFL
Country
The Office
Song
Soccer
Puzzle
hide this ad
More By:
Python16
Quiz
Plays
Rating
Category
Featured
Created
The NFL Connections Game 2
2,534
2.41
Sports
Feb 23, 2010
The 25 Funniest People on (or in) Earth
1,173
2.00
Entertainment
Feb 22, 2010
The NFL Connections Game
871
3.73
Sports
Feb 22, 2010
Athletes with Illegitimate Kids
407
3.40
Sports
Feb 22, 2010
2009 NFL Scoring Leaders
249
3.75
Sports
Feb 22, 2010
Go to Creator's Profile
Score Distribution
Quiz Creator Spotlight
Python16
Follow
Send a Message
Quizzes Created
-
Created Quiz Play Count
-
More By This Creator
Popular Quizzes Today
1
Find the US States - No Outlines Minefield
2
Find the US States
3
The Countries of the World
4
10 Largest US States in Order
5
Find the Countries of Europe - No Outlines Minefield
6
US States
7
Guess the 'R' Things in 3 Words
8
NBA Finals Game Top Scorers (2010s)
More Sports Quizzes
20 Famous Golfers
Published
Trending Quizzes
First Name TV: Leading Men
Match the Book to the Film II
First Name TV: Leading Women Drama
3-Word Movies in 1 Word II
Match the Book to the Film VI
Recently Updated
Women's Final Four Teams by Year
bhenderson79
Presidents Quartet II
eogle
Anything But Clue(do)
eogle
Anything But Oceanian Capitals
eogle
Anything But 7
eogle
Anything But Thing
eogle
Word Ladder: February 29
pecheneg
Song Title Questions
pecheneg
Women's NCAA Tournament #1 Seeds
pecheneg
Celebrity Mug Shots
pecheneg
Trending Topics
Harry Potter
Disney
NBA
Marvel
Kpop
Crossword
Anime
Soccer
Pokémon
Puzzle
Country
WWE
NFL
The Office
Song
Your Account Isn't Verified!
In order to create a playlist on Sporcle, you need to verify the email address you used during registration. Go to your
Sporcle Settings
to finish the process.
Report this User
Report this user for behavior that violates our
Community Guidelines
.
Details:
Send Report
Go to the Sporcle.com Mobile Site →
Comments